[Event "Gelsenkirchen Silvester op 1st"]
[Site "Gelsenkirchen"]
[Date "2013.12.29"]
[Round "5"]
[White "Volkau, Dzmitry"]
[Black "Oberste, Norbert"]
[Result "0-1"]
[WhiteElo "1498"]
[BlackElo "1762"]
[PlyCount "100"]
[EventDate "2013.12.27"]
[EventType "swiss"]
[EventRounds "5"]
[EventCountry "GER"]
[SourceTitle "EXT 2019"]
[Source "ChessBase"]
[SourceDate "2018.10.10"]
[SourceVersion "1"]
[SourceVersionDate "2018.10.10"]
[SourceQuality "1"]

1. d4 f5 2. g3 e6 3. Nf3 Nf6 4. Bg5 d5 5. Bxf6 Qxf6 6. Ne5 Bd6 7. f4 g5 8. e3 h5 9. Nf3 g4 10. Ne5 Nd7 11. Nxd7 Bxd7 12. h4 gxh3 13. Rxh3 h4 14. g4 fxg4 15. Qxg4 0-0-0 16. Qf3 Rdg8 17. c3 Qf5 18. Qf2 Be7 19. Rh2 h3 20. Qf3 Bh4+ 21. Kd1 Bg3 22. Rh1 Be8 23. Be2 Bh5 24. Qf1 Qd3+ 25. Nd2 Qxe3 26. Bxh5 Rxh5 27. Qf3 Bxf4 28. Qxe3 Bxe3 29. Nf3 h2 30. Ke2 Bf4 31. Raf1 Bg3 32. Rd1 Rg4 33. Rd3 Re4+ 34. Kf1 Bf4 35. Nd2 Re3 36. Rxe3 Bxe3 37. Nf3 Bf4 38. Kg2 Kd7 39. Re1 Kd6 40. b4 b6 41. a4 c5 42. dxc5+ bxc5 43. b5 c4 44. Rh1 e5 45. Nxh2 d4 46. cxd4 exd4 47. Ng4 Rxh1 48. Kxh1 d3 49. Kg2 d2 50. Kf3 c3 0-1